00251nam a2200109Ia 4500008004100000245002400041260002200065440000600087521002400093942000700117999001700124140130s9999 xx 000 0 und d cPaulsen, GaryaGuts bScholastic,c2001 v1 aGrade 10 - Grade 15 cBK c41443d41443